00523nam a22001577a 4500003000400000008004100004100004100045245003600086250000900122260003600131300000700167650001200174942001200186999001700198952015000215OSt250506b |||||||| |||| 00| 0 eng d aVEDALANKAR, Vedacharya Dr. Raghuvir aIshopanishad Arthat Jivan yatra a15th aNew DelhibArya Prakashanc2015 a88 aGeneral 2ddccBK c13553d13553 00102ddc40708IKSBCaPIETbPIETd2025-04-10eSubash KohalifINRg40.00k831l0o294.59218 VEIpK27r2025-05-06 00:00:00v40.00w2025-04-10yBK